Guess all 114 Surahs of the Qur'an - Statistics

General Stats
  • This quiz has been taken 46 times
  • The average score is 39 of 114
Answer Stats
No. Surah Meaning How Many Ayahs % Correct
1 Al-Fatiha The Opener 7
95%
2 Al-Baqarah The Cow 286
83%
3 Ali'Imran Family of Imran 200
78%
4 An-Nisa The Women 176
78%
114 An-Nas Mankind 6
73%
14 Ibrahim Abraham 52
65%
19 Maryam Mary 98
65%
36 Ya-Sin Ya sin 83
65%
12 Yusuf Joseph 111
65%
11 Hud Hud 123
63%
31 Luqman Luqman 34
63%
20 Taha Ta-Ha 135
63%
47 Muhammad Muhammad 37
60%
105 Al-Fil The Elephant 5
58%
22 Al-Hajj The Pilgrimage 78
58%
18 Al-Kahf The Cave 110
58%
10 Yunus Jonah 109
58%
29 Al-'Ankabut The Spider 69
55%
113 Al-Falaq The Daybreak 5
55%
112 Al-Ikhlas The Sincerity 4
55%
5 Al-Ma'idah The Table Spread 120
55%
95 At-Tin The Fig 8
53%
109 Al-Kafirun The Disbelievers 6
50%
55 Ar-Rahman The Beneficent 78
50%
106 Quraish Quraish 4
50%
87 Al-A'la The Most High 19
48%
54 Al-Qamar The Moon 55
48%
71 Nuh Noah 28
48%
111 Al-Masad/Lahab The Palm Fiber 5
45%
16 An-Nahl The Bee 128
45%
9 At-Tawbah The Repentance 129
45%
57 Al-Hadid The Iron 29
43%
76 Al-Insan The Man 31
43%
72 Al-Jinn The Jinn 28
43%
53 An-Najm The Star 62
43%
27 An-Naml The Ant 93
43%
30 Ar-Rum The Romans 60
43%
50 Qaf The Letter 'Qaaf' 45
43%
6 Al-An'am The Cattle 165
40%
97 Al-Qadr The Power 5
40%
108 Al-Kawthar The Abundace 3
38%
107 Al-Ma'un The Small Kindnesses 7
38%
67 Al-Mulk The Sovereignty 30
38%
23 Al-Mu'minun The Believers 64
38%
68 Al-Qalam The Pen 52
38%
110 An-Nasr The Divine Support 3
38%
38 Sad The letter 'saad' 88
38%
96 Al-'Alaq The Clot 19
35%
17 Al-Isra The Night Journey 111
35%
92 Al-Lail The Night 21
35%
91 Ash-Shams The Sun 15
35%
7 Al-A'raf The Heights 206
33%
103 Al-`Asr The Declining Day 3
33%
63 Al-Munafiqun The Hypocrites 11
33%
32 As-Sajdah The Prostration 30
33%
8 Al-Anfal The Spoils of War 75
30%
90 Al-Balad The City 20
30%
98 Al-Bayyinah The Clear Proof 8
30%
89 Al-Fajr The Dawn 30
30%
101 Al-Qari'ah The Calamity 11
30%
28 Al-Qasas The Stories 88
30%
56 Al-Waqi'ah The Inebitable 96
30%
65 At-Talaq The Divorce 12
30%
100 Al-Adiyat The Courser 11
28%
104 Al-Humazah The Traducer 9
28%
24 Al-Nur The Light 118
28%
48 Al-Fath The Victory 29
25%
62 Al-Jumu'ah The Congregation, Friday 11
25%
75 Al-Qiyamah The Resurrection 40
25%
102 At-Takathur The Rivalry In World Increases 8
25%
99 Az-Zalzalah The Earthquake 8
25%
44 Ad-Dukhan The Smoke 59
23%
25 Al-Furqan The Criterion 77
23%
88 Al-Ghashiyah The Overwhelming 26
23%
69 Al-Haqqah The Reality 52
23%
15 Al-Hijr The Rocky Tract 99
23%
13 Ar-Ra'd The Thunder 43
23%
26 Ash-Shu'ara The Poets 227
23%
61 As-Saf The Ranks 14
23%
34 Saba Sheba 54
23%
80 'Abasa He Frowned 42
20%
83 Al-Muttafifin The Defrauding 36
20%
73 Al-Muzzammil The Enshrouded One 20
20%
78 An-Naba The Tidings 40
20%
94 Ash-Sharh/Inshirah/Alam Nashrah The Relief 8
20%
86 At-Tariq The Nightcommer 17
20%
52 At-Tur The Mount 49
20%
35 Fatir Originator 45
20%
40 Ghafir The Forgiver 85
20%
33 Al-Ahzab The Combined Forces 73
18%
70 Al-Ma'arij The Ascending Stairways 44
18%
74 Al-Muddaththir The Cloaked One 56
18%
81 At-Takwir The Overthrowing 29
18%
93 Ad-Duhaa The Morning Hours 11
15%
85 Al-Buruj The Mansion of the Stars 22
15%
59 Al-Hashr The Exile 24
15%
79 An-Nazi'at Those Who Drag Forth 46
15%
37 As-Saffat Those who set The Ranks 182
15%
66 At-Tahrim The Prohibition 12
15%
39 Az-Zumar The Troops 75
15%
41 Fussilat Explained in Detail 54
15%
82 Al-Infitar The Cleaving 19
13%
84 Al-Inshiqaq The Sundering 25
13%
58 Al-Mujadila The Pleading Woman 22
13%
51 Adh-Dhariyat The Winnowing Winds 60
10%
21 Al-Anbya The Prophets 112
10%
49 Al-Hujurat The Rooms 18
10%
77 Al-Mursalat The Emissaries 50
10%
43 Az-Zukhruf The Ornaments of Gold 89
10%
64 At-Taghabun The Mutual Disilusion 18
8%
46 Al-Ahqaf The Wind-Curved Sandhills 35
5%
45 Al-Jathiyah The Crouching 37
5%
42 Ash-Shuraa The Consultation 53
5%
60 Al-Mumtahanah She That is to be Examined 13
3%
No matching quizzes found
Score Distribution
Percent of People with Each Score
Percentile by Number Answered
Your Score History
You have not taken this quiz